Depopulation phenomenon of Lithuania: upcoming challenges for the country’s economy
Litovský fenomén vyľudňovania, ktorý pokračoval za súčasných dvadsaťšesť rokov motivuje mnohých ekonómov predvídať možné dôsledky tohto negatívneho trendu na litovské hospodárstvo. Prognózy zmien obyvateľov Litvy v perspektíve dvadsaťtri rokov. Demograficke a emigračné faktory spôsobujú pokles počt...
Gespeichert in:
| 1. Verfasser: | |
|---|---|
| Format: | Buchkapitel |
| Sprache: | Englisch |
| Schlagworte: | |
| Tags: |
Keine Tags, Fügen Sie das erste Tag hinzu!
|
MARC
| LEADER | 00000naa a2200000 4500 | ||
|---|---|---|---|
| 001 | 0236067 | ||
| 005 | 20220805075452.0 | ||
| 041 | 0 | |a eng | |
| 044 | |a SK | ||
| 245 | 1 | 0 | |a Depopulation phenomenon of Lithuania: upcoming challenges for the country’s economy |c Ričardas Mileris |
| 520 | |a Litovský fenomén vyľudňovania, ktorý pokračoval za súčasných dvadsaťšesť rokov motivuje mnohých ekonómov predvídať možné dôsledky tohto negatívneho trendu na litovské hospodárstvo. Prognózy zmien obyvateľov Litvy v perspektíve dvadsaťtri rokov. Demograficke a emigračné faktory spôsobujú pokles počtu obyvateľov Litvy. Hlavné ekonomické rozdiely medzi Litvou a ostatnými krajinami EÚ boli analyzované s cieľom pochopiť ekonomické dôvody emigrácie a vyľudňovaniu. Komparatívna analýza ekonomík EÚ umožnila určiť cieľové hodnoty litovských makroekonomických ukazovateľov kedy by sa mohlo očakávať zníženie emigrácie. | ||
| 610 | 2 | 0 | |a Litva |
| 610 | 2 | 0 | |a ukazovatele demografické |
| 610 | 2 | 0 | |a ukazovatele makroekonomické |
| 610 | 2 | 0 | |a starnutie populácie |
| 100 | 1 | |a Mileris, Ričardas | |